header

Supervising psychotherapy (Record no. 129632)

MARC details
000 -LEADER
fixed length control field 01405nam a2200337Ia 4500
245 00 - TITLE STATEMENT
Title Supervising psychotherapy
260 ## - PUBLICATION, DISTRIBUTION, ETC. (IMPRINT)
Place of publication Thousand Oaks, Calif ;
-- London :
Name of publisher SAGE Publications,
Year of publication 2002.
300 ## - PHYSICAL DESCRIPTION
Number of Pages x, 157 p. :
Other physical details ill.
650 #0 - SUBJECT ADDED ENTRY--TOPICAL TERM
Topical Term Psychotherapists
Topical Term Psychotherapists
700 1# - ADDED ENTRY--PERSONAL NAME
Personal name Driver, Christine.
Personal name Martin, Edward,
Personal name Banks, Mary,
856 40 - ELECTRONIC LOCATION AND ACCESS
Uniform Resource Identifier http://site.ebrary.com/lib/rucke/Doc?id=10218138

No items available.

© 2026 Rongo University
Contact us: librarian | system librarian | Rongo university